Social issues of marketing in the American economy (Record no. 535225)

MARC details
000 -LEADER
fixed length control field 00743nam a2200253Ia 4500
003 - CONTROL NUMBER IDENTIFIER
control field OSt
005 - DATE AND TIME OF LATEST TRANSACTION
control field 20220925200037.0
008 - FIXED-LENGTH DATA ELEMENTS--GENERAL INFORMATION
fixed length control field 220923b |||||||| |||| 00| 0 eng d
037 ## - SOURCE OF ACQUISITION
Terms of availability General Book
040 ## - CATALOGING SOURCE
Original cataloging agency RTL
Transcribing agency RTL
Language of cataloging eng
041 ## - LANGUAGE CODE
Source of code eng
Language code of text/sound track or separate title eng
100 ## - MAIN ENTRY--PERSONAL NAME
Personal name Furuhashi y Huge
9 (RLIN) 256430
245 #0 - TITLE STATEMENT
Title Social issues of marketing in the American economy
260 ## - PUBLICATION, DISTRIBUTION, ETC.
Place of publication, distribution, etc. Columbus
Name of publisher, distributor, etc. Grid
Date of publication, distribution, etc. 1971
300 ## - PHYSICAL DESCRIPTION
Extent vii, 119p
Dimensions cm.
500 ## - GENERAL NOTE
General note Bibliography p 118-19
650 ## - SUBJECT ADDED ENTRY--TOPICAL TERM
Topical term or geographic name entry element Marketing
9 (RLIN) 15998
700 ## - ADDED ENTRY--PERSONAL NAME
Personal name Mccarthy E Jerome
9 (RLIN) 125328
942 ## - ADDED ENTRY ELEMENTS (KOHA)
Classification part X:51.73.N7, L1
Koha item type General Books
Source of classification or shelving scheme Colon Classification (CC)

No items available.

Copyright @ Delhi University Library System